Địa lý tự nhiên Việt Nam : Phần khu vực (Sách dùng trong các trường cao đẳng sư phạm) . t. II /
Đã lưu trong:
| Hovedforfatter: | |
|---|---|
| Format: | Sách giấy |
| Sprog: | Vietnamese |
| Udgivet: |
Hà Nội :
Giáo dục ,
1978
|
| Fag: | |
| Tags: |
Tilføj Tag
Ingen Tags, Vær først til at tagge denne postø!
|
| Thư viện lưu trữ: | Thư viện Trường Đại học Đà Lạt |
|---|
| LEADER | 00705nam a2200265 4500 | ||
|---|---|---|---|
| 001 | DLU020013194 | ||
| 005 | ##6/8/2000 | ||
| 020 | # | # | |a 978- |
| 041 | # | # | |a vie |
| 082 | # | # | |a 555.97 |b VU-L |
| 090 | # | # | |a 555.97 |b VU-L |
| 100 | # | # | |a Vũ Tự Lập |
| 245 | # | # | |a Địa lý tự nhiên Việt Nam : |b Phần khu vực (Sách dùng trong các trường cao đẳng sư phạm) . |n t. II / |c Vũ Tự Lập |
| 260 | # | # | |a Hà Nội : |b Giáo dục , |c 1978 |
| 300 | # | # | |a 183 tr.; |c 24 cm. |
| 653 | # | # | |a Địa lý tự nhiên |
| 992 | # | # | |a 378 |
| 994 | # | # | |a DLU |
| 900 | # | # | |a False |
| 911 | # | # | |a Administrator |
| 925 | # | # | |a G |
| 926 | # | # | |a A |
| 927 | # | # | |a SH |
| 980 | # | # | |a Thư viện Trường Đại học Đà Lạt |